BIBLIOTECA PODER JUDICIAL
Portal Judicial TDF

Violencia estética y dolo eventual : (Registro nro. 6440)

000 -LEADER
fixed length control field 01476nab a22002897a 4500
003 - CONTROL NUMBER IDENTIFIER
control field OSt
005 - DATE AND TIME OF LATEST TRANSACTION
control field 20260203121000.0
008 - FIXED-LENGTH DATA ELEMENTS--GENERAL INFORMATION
fixed length control field 190429b xxu||||| |||| 00| 0 spa d
040 ## - CATALOGING SOURCE
Transcribing agency PJ
100 ## - MAIN ENTRY--PERSONAL NAME
9 (RLIN) 4726
Personal name Gorra, Daniel Gustavo
245 10 - TITLE STATEMENT
Title Violencia estética y dolo eventual :
Remainder of title reflexiones sobre su delimitación y alcance a partir de un fallo /
Statement of responsibility, etc Daniel Gustavo Gorra, Hernán Herrera.
260 ## - PUBLICATION, DISTRIBUTION, ETC. (IMPRINT)
Date of publication, distribution, etc Ciudad Autónoma de Buenos Aires :
Place of publication, distribution, etc Thomson Reuters La Ley,
Name of publisher, distributor, etc 2023.
300 ## - PHYSICAL DESCRIPTION
Extent p. 37-53
500 ## - GENERAL NOTE
General note Cita Online: AR/DOC/2692/2023.
505 ## - FORMATTED CONTENTS NOTE
Formatted contents note Sumario: I. Introducción.— II. Análisis del fallo.— III. Toma de posición. Conclusiones.<br/><br/><br/>
505 ## - FORMATTED CONTENTS NOTE
Formatted contents note Fallo comentado: C1aCrim. y Correc., Formosa, 31/08/2023. - L. I., M. L. s/ homicidio con dolo eventual, lesiones leves —tres hechos—, lesiones gravísimas, estafa —cinco hechos—, ejercicio ilegal de la medicina —cinco hechos—, ejercicio ilegal de una profesión.
505 ## - FORMATTED CONTENTS NOTE
Title Si te interesa el texto completo, solicitalo a koha@justierradelfuego.gov.ar
650 #0 - SUBJECT ADDED ENTRY--TOPICAL TERM
9 (RLIN) 343
Topical term or geographic name as entry element DERECHO PENAL
650 #0 - SUBJECT ADDED ENTRY--TOPICAL TERM
9 (RLIN) 2913
Topical term or geographic name as entry element HOMICIDIO
650 #0 - SUBJECT ADDED ENTRY--TOPICAL TERM
9 (RLIN) 3035
Topical term or geographic name as entry element ESTAFA
650 #0 - SUBJECT ADDED ENTRY--TOPICAL TERM
9 (RLIN) 5338
Topical term or geographic name as entry element LESIONES GRAVÍSIMAS
650 #0 - SUBJECT ADDED ENTRY--TOPICAL TERM
9 (RLIN) 2693
Topical term or geographic name as entry element DOLO
650 #0 - SUBJECT ADDED ENTRY--TOPICAL TERM
9 (RLIN) 7067
Topical term or geographic name as entry element CIRUGIA ESTETICA
700 ## - ADDED ENTRY--PERSONAL NAME
9 (RLIN) 7066
Personal name Herrera, Hernán
773 0# - HOST ITEM ENTRY
Host Biblionumber 2658
Host Itemnumber 3164
Title Revista de derecho penal y criminología. Nº 11 - Diciembre 2023
Place, publisher, and date of publication Ciudad Autónoma de Buenos Aires : Thomson Reuters La Ley, 2017-
International Standard Serial Number 00347914
942 ## - ADDED ENTRY ELEMENTS (KOHA)
Source of classification or shelving scheme
Koha item type Analítica Artículo de Revista

No hay ítems disponibles.

12 de Octubre 789 Ushuaia - Tel:  54(02901)441571
Horario de Atención: 8.00 a 17.00 hs. 
bibliotecaush@justierradelfuego.gov.ar
koha@justierradelfuego.gov.ar
Seguinos en nuestras redes @bibliojustdf 

Con tecnología Koha